| 000 | 00368nam a2200133Ia 4500 | ||
|---|---|---|---|
| 008 | 220217s9999 xx 000 0 und d | ||
| 245 | 0 | _aConducting and antistatic rubbers- Measurement of resistivity. | |
| 260 | _c1975 | ||
| 500 | _aStandard number: ISO 1853 | ||
| 650 | _a Antistatic rubber | ||
| 650 | _a Conducting rubber | ||
| 650 | _a Resistivity | ||
| 942 | _cST | ||
| 999 |
_c74053 _d74053 |
||